000 00359 a2200157 4500
001 167820
020 _a
040 _cMagnum
100 _aStienecker, David L.
240 1 0 _aDivisao: problemas, jogos e enigmas
_lpor
245 1 0 _aDivisao: problemas, jogos e enigmas
362 0 _a1899
440 1 _aModerna
697 _aIJ/PARADIDATICO
942 _cBK
999 _c167820
_d167820